00591nam a2200121 4500008001100000082001600011100002800027245008300055260010700138300003600245650014400281700004400425708 AP654a a708bAP654a aParedes, Cecilia et al  aApropiación de un Espacio:bCecilia Paredes, Sila Chanto, Andrés Carranza  aSan José, Costa RicabMuseo de Arte y Diseño ContemporáneobCentro Nacional de la Cultura c2004 a40 p.bil (col) c20 x 18,5 cm  xarte contemporáneo xarte - exhibiciones xarte - instalaciónxMADCxCosta Rica xParedes, Cecilia xChanto, Sila xCarranza, Andrés  aBarahona Sotela, Rolando (curaduría)